Die Slavische Idee

Bibliographic Details
Other Authors: Moritsch, Andreas (Editor)
Format: Book
Language:German
PhysicalDescription:149 s. 24 cm
Published: Bratislava Slovak Academic Press 1993
ISBN:8085665220
Series:Slovanské štúdie
Subjects:

MARC

LEADER 00000cam a2200000 a 4500
001 vtls001075419
003 SK-MaSNL
005 20260301193551.0
008 240226s1993 xo 111 0 ger
015 |a SNBA1994/06 
020 |a 8085665220 
035 |a SNK000018251 
035 |a urn:nbn:sk:snk-amkv9j 
035 |a urn:nbn:sk:snk-am0048yq 
035 |a 44C21365-6225-4C02-ABCD-DF0EF55DC01C 
040 |a SNK  |b slo  |c SNK  |e AACR2 
041 0 |a ger 
044 |a xo  |c SK 
072 7 |a 327  |x Medzinárodné vzťahy, svetová politika  |2 konspekt 
080 |a 327.39(=16)  |2 2011 
080 |a 316.344.8(=16)  |2 2011 
080 |a 329.7(=16)  |2 2011 
080 |a 329.73  |2 2011 
080 |a 172.15(=16)  |2 2011 
080 |a (062.534)  |2 2011 
080 |a (082.2)  |2 2011 
245 0 4 |a Die Slavische Idee  |a Beiträge am Matija-Ziljski-Symposium vom 6. bis 10. Juli 1992 in Tratten/Pošišče, Kärnten  |c herausgegeben von Andreas Moritsch 
246 1 |i Súbežný názov z tiráže:  |a Slovanské štúdie 1992 
260 |a Bratislava  |b Slovak Academic Press  |c 1993 
300 |a 149 s.  |c 24 cm 
490 1 |a Slovanské štúdie  |v 1 
500 |a Zvl. výt. 
500 |a Vydal Historický ústav SAV a Österreichisches Ost und Südosteuropainstitut-Außenstelle Bratislava vo vydavateľstve Slovak Academy Press 
504 |a Obsahuje bibliograf. odkz. ; reg. 
600 2 1 |a Majar-Ziljski, Matija,  |d 1809-1892  |2 SNKMA  |9 573166 
650 0 7 |a slovanstvo  |2 SNKPH  |9 15139 
650 0 7 |a panslavizmus  |2 SNKPH  |9 4798 
650 0 7 |a národné hnutie  |2 SNKPH  |9 71486 
650 0 7 |a slavianofilstvo  |2 SNKPH  |9 83098 
650 0 7 |a Slavism  |2 SNKPHeng  |9 297568 
650 0 7 |a Pan-Slavism  |2 SNKPHeng  |9 303286 
650 0 7 |a Nationalist movement  |2 SNKPHeng  |9 298642 
650 0 7 |a slavophilism  |2 SNKPHeng  |9 573167 
655 7 |a zborníky konferencií  |2 SNKPH  |9 70153 
655 7 |a jubilejné publikácie  |2 SNKPH  |9 70339 
655 7 |a Proceedings of conferences  |2 SNKPHeng  |9 265791 
655 7 |a Jubilee books  |2 SNKPHeng  |9 281827 
700 1 |a Moritsch, Andreas  |4 edt  |9 457683 
830 0 |a Slovanské štúdie  |9 449444 
919 |a 80-85665-22-0 
958 |a TL 
958 |a ZB 
958 |a NB 
958 |a SS 
958 |a OND 
999 |c 877968  |d 879898 
952 |t P60, <04>, [BOOK], {604}  |a SNK  |b SNK  |y VYP  |7 0  |p 17A0245182  |o snkSC 85973 D1  |0 0  |1 0  |4 0  |d 2000-07-12  |f 1  |l 0  |r 2004-12-31 00:00:00  |w 2026-02-24